| 000 | 00669nam a2200217Ii 4500 | ||
|---|---|---|---|
| 003 | JO-AjNU | ||
| 008 | 230605s9999||||xx |||||||||||||| ||und|| | ||
| 017 | _a1999/12/2269 | ||
| 040 |
_aJO-AjNU _bara _erda _cJO-AjNU |
||
| 041 | _aara | ||
| 050 | 1 | 4 | _aZ699 .S2266 2000 |
| 100 | 3 |
_aياسين ، سعد غالب , _eauthor _97682 |
|
| 245 | 0 | 0 | _aتحليل وتصميم نظم المعلومات |
| 250 | _aط1 | ||
| 264 | 3 | 1 | _aعمان :دار المناهج ،2000 |
| 300 | _a382ص | ||
| 336 |
_atext _btxt _2rdacontent |
||
| 337 |
_aunmediated _bn _2rdamedia |
||
| 338 |
_avolume _bnc _2rdacarrier |
||
| 650 | 4 |
_aأنظمة المعلومات -- تصميم _97683 |
|
| 999 |
_aA404 _c3972 _d3972 |
||